| 000 | 00625nam a22002297a 4500 | ||
|---|---|---|---|
| 010 | _a903227 | ||
| 020 | _a057502349 | ||
| 035 | _a903227 | ||
| 037 | _aCen Lib/Ret | ||
| 040 |
_aDPL _bHOC |
||
| 082 |
_aN _bHOC |
||
| 100 |
_aHocken, Sheila _9114087 |
||
| 245 |
_aEmma and I _cby Sheila Hocken |
||
| 260 |
_aLondon _bVictor Gollangz Ltd. _c1977 |
||
| 270 |
_aVictor Gollangz Ltd. _bLondon |
||
| 300 |
_a179p ; _b24cm(hb) |
||
| 650 |
_aHocken, Sheila. _9114088 |
||
| 650 |
_aBlind -- England -- Biography. _9114089 |
||
| 650 |
_aGuide dogs. _9114090 |
||
| 700 |
_aHocken, Sheila _9114091 |
||
| 942 |
_2ddc _cEN _hN _mHOC |
||
| 999 |
_c136201 _d136201 |
||